Notas para el estudio económico de América Latina y el Caribe, 1986. Honduras /

Guardat en:
Dades bibliogràfiques
Autor corporatiu: Naciones Unidas. Comisión Económica para América Latina y El Caribe, CEPAL
Format: Text
Idioma:Spanish
Publicat: México, D.F.: CEPAL
Etiquetes: Afegir etiqueta
Sense etiquetes, Sigues el primer a etiquetar aquest registre!

MARC

LEADER 00000 a a2200000 04500
001 21482
003 cru CIDCACS/IIS
005 20180920153720.0
008 180920b ||||| |||| 00| 0 spa d
999 |c 5417  |d 5417 
040 |c cru CIDCACS/IIS 
090 |a 03.01.02 N899n 
110 |a Naciones Unidas. Comisión Económica para América Latina y El Caribe  
245 |a Notas para el estudio económico de América Latina y el Caribe, 1986. Honduras /  |c Naciones Unidas. Comisión Económica para América Latina y El Caribe  
260 |a México, D.F.:   |b CEPAL  
300 |a 64 p.  
710 |a CEPAL  
942 |2 ddc  |c LI